000
00195nam a2200085 4500
001
1241824
005
20251013133328.0
245
_a
CANIM PEYGAMBERİM
_c
ÖMER NASUHİ BİLMEN
260
_b
MAVİ ÇOCUK
999
_c
1241824
_d
1241824